| 000 | 00513nam a2200169Ia 4500 | ||
|---|---|---|---|
| 008 | 180921t2018 xxu||||| |||| 00| 0 sin d | ||
| 041 | _asin | ||
| 080 |
_a8-31 _bඉවානො |
||
| 100 | _aඉවානොව්, ඇනටෝලි | ||
| 245 | _aසහෝදරයෝ | ||
| 260 |
_bවාසනා _aදන්කොටුව _c2018 |
||
| 300 | _aසෙ.මි.21, පි.367 | ||
| 700 |
_aඑස්.ජයසේකර _eපරි. |
||
| 942 | _cBK | ||
| 999 |
_c12316 _d12316 |
||
| 003 | LK-CoDNM | ||
| 040 |
_aLK-CoDNM _dLK-CoDNM _eLK-CoDNM |
||